00185nam a2200085 4500020001800000082001200018100002000030245004100050300000800091 a9780073309217 a512 DUG aDugopolski Mark aElementary and Inntermediate Algebra a930